| 000 | 01394nam0a22002771 4500 | ||
|---|---|---|---|
| 001 | rc\570822 | ||
| 005 | 20250621170302.0 | ||
| 035 | _a(NLR Aleph) 005819477 | ||
| 090 |
_a5464122 _c5464122 |
||
| 100 | _a20031121d1987 |||y0rusy50 ca | ||
| 101 | 0 | _arus | |
| 102 | _aRU | ||
| 105 | _aa ||||||||| | ||
| 200 | 1 |
_aПУТИ совершенствования АСУТП нефтедобычи на основе микропроцессорных средств автоматизации _f[Браго Е.Н. и др.] |
|
| 210 |
_aМ. _cВНИИОЭНГ _d1987 |
||
| 215 |
_a46 с. _cил. _d20 |
||
| 225 | 1 |
_aНефтяная промышленность _iСерия "Автоматизация и телемеханизация в нефтяной промышленности" _eОбзор. информ. _eПо информ. обеспечению отрасл. науч.-техн. программ _fВНИИ орг., упр. и экономики нефтегазовой пром-сти _vВып. 5 (55) |
|
| 300 | _aВ надзаг. также: М-во нефт. пром-сти | ||
| 320 | _aБиблиогр.: с. 43-44 | ||
| 702 | 1 |
_4220 _7ca _8rus _aБраго _bЕ. Н. _f1929-2024 _gЕвгений Николаевич _9270635 _3RU\NLR\AUTH\770270691 |
|
| 801 | 0 |
_aRU _bNLR _gpsbo |
|
| 801 | 1 |
_aRU _bELAR _2rusmarc |
|
| 852 |
_aNLR _jП10/5850 |
||
| 942 | _cBOOK | ||
| 980 | _aNB | ||